|
|
|
|
| LEADER |
00964nam a2200193 i 4500 |
| 003 |
GR-PaULI |
| 005 |
20210117211109.0 |
| 008 |
200624s1993 gr ||||| |||| 00| 0 eng d |
| 952 |
|
|
|0 0
|1 0
|2 ddc
|4 0
|6 889_134000000000000_ΣΚΙ
|7 0
|9 241432
|a LISP
|b LISP
|c DON
|d 2020-06-24
|e ΓΑΛ
|i 143649
|l 0
|o 889.134 ΣΚΙ
|p 025000269953
|r 2020-06-24 00:00:00
|t 1
|v 2020.00
|w 2020-06-24
|y BKN
|
| 952 |
|
|
|0 0
|1 0
|2 ddc
|4 0
|6 889_134000000000000_ΣΚΙ
|7 0
|9 367180
|a LISP
|b LISP
|c DON
|d 2023-01-12
|e ΠΑΤ
|i 149547
|l 0
|o 889.134 ΣΚΙ
|p 025000276448
|r 2023-01-12 00:00:00
|t 2
|w 2023-01-12
|y BKN
|
| 999 |
|
|
|c 145670
|d 145670
|
| 040 |
|
|
|a GR-PaULI
|b gre
|c GR-PaULI
|e AACR2
|
| 082 |
0 |
4 |
|2 23
|a 889.134
|
| 100 |
1 |
|
|9 107506
|a Σκιαθάς, Αντώνης Δ.,
|d 1960-
|e συγγραφέας
|
| 245 |
1 |
0 |
|a Θερινό ανεμούριο /
|c Αντώνης Δ. Σκιαθάς.
|
| 260 |
|
|
|a Πάτρα:
|b Αχα'ίκές εκδόσεις,
|c 1993.
|
| 300 |
|
|
|a 57 σ.;
|c 17 εκ.
|
| 942 |
|
|
|2 ddc
|c BKN
|
| 998 |
|
|
|c ΣΑΤΛΑΝΗΣ
|d 2020-06
|